LIBRARY & INFORMATION CENTRE, KCAET, TAVANUR

ONLINE PUBLIC ACCESS CATALOGUE (OPAC)

Code of practice for construction of stone masonary (Record no. 5876)

MARC details
000 -LEADER
fixed length control field 00891cam a2200157ua 4500
041 ## - LANGUAGE CODE
Language code of text/sound track or separate title eng
082 ## - DEWEY DECIMAL CLASSIFICATION NUMBER
Classification number 693.156
Item number IND/CO
245 ## - TITLE STATEMENT
Title Code of practice for construction of stone masonary
250 ## - EDITION STATEMENT
Edition statement 1 /
260 ## - PUBLICATION, DISTRIBUTION, ETC. (IMPRINT)
Place of publication New Delhi :
Name of publisher Indian Standards Institution ,
Year of publication 1986.
300 ## - PHYSICAL DESCRIPTION
Number of Pages 10 ; .
942 ## - ADDED ENTRY ELEMENTS (KOHA)
Koha item type Books
Holdings
Withdrawn status Lost status Damaged status Home library Current library Date acquired Full call number Accession Number Koha item type
      KAUAET   07/04/2012 693.156 17307 Books
free website counter